<?xml version="1.0" encoding="UTF-8"?>
<record
    xmlns:xsi="http://www.w3.org/2001/XMLSchema-instance"
    xsi:schemaLocation="http://www.loc.gov/MARC21/slim http://www.loc.gov/standards/marcxml/schema/MARC21slim.xsd"
    xmlns="http://www.loc.gov/MARC21/slim">

  <leader>01244nam1a2200313 i 4500</leader>
  <controlfield tag="001">RU\NLR\bibl\1469808</controlfield>
  <controlfield tag="005">20260406071343.0</controlfield>
  <datafield tag="035" ind1=" " ind2=" ">
    <subfield code="a">(NLR Aleph) 001461516</subfield>
  </datafield>
  <datafield tag="090" ind1=" " ind2=" ">
    <subfield code="a">1586368</subfield>
    <subfield code="c">1586368</subfield>
  </datafield>
  <datafield tag="100" ind1=" " ind2=" ">
    <subfield code="a">20100208g20089999u  y0rusy50      ca</subfield>
  </datafield>
  <datafield tag="101" ind1="1" ind2=" ">
    <subfield code="a">rus</subfield>
    <subfield code="c">eng</subfield>
  </datafield>
  <datafield tag="102" ind1=" " ind2=" ">
    <subfield code="a">RU</subfield>
  </datafield>
  <datafield tag="105" ind1=" " ind2=" ">
    <subfield code="a">||||z   |||||</subfield>
  </datafield>
  <datafield tag="200" ind1="1" ind2=" ">
    <subfield code="a">&#x41F;&#x443;&#x442;&#x44C; &#x43A; &#x432;&#x435;&#x43B;&#x438;&#x447;&#x438;&#x44E;</subfield>
    <subfield code="e">&#x43E;&#x442; &#x43C;&#x43E;&#x43D;&#x430;&#x445;&#x430;, &#x43A;&#x43E;&#x442;&#x43E;&#x440;&#x44B;&#x439; &#x43F;&#x440;&#x43E;&#x434;&#x430;&#x43B; &#x441;&#x432;&#x43E;&#x439; "&#x444;&#x435;&#x440;&#x440;&#x430;&#x440;&#x438;"</subfield>
    <subfield code="e">&#x432;&#x43E;&#x441;&#x43F;&#x438;&#x442;&#x430;&#x439; &#x432; &#x441;&#x435;&#x431;&#x435; &#x43B;&#x438;&#x434;&#x435;&#x440;&#x430;</subfield>
    <subfield code="f">&#x420;&#x43E;&#x431;&#x438;&#x43D; &#x428;&#x430;&#x440;&#x43C;&#x430;</subfield>
    <subfield code="g">[&#x43F;&#x435;&#x440;. &#x441; &#x430;&#x43D;&#x433;&#x43B;.: &#x415;. &#x421;&#x442;&#x430;&#x440;&#x43E;&#x434;&#x443;&#x431;]</subfield>
  </datafield>
  <datafield tag="210" ind1=" " ind2=" ">
    <subfield code="a">&#x41C;&#x43E;&#x441;&#x43A;&#x432;&#x430;</subfield>
    <subfield code="c">&#x421;&#x43E;&#x444;&#x438;&#x44F;</subfield>
    <subfield code="d">2008</subfield>
  </datafield>
  <datafield tag="215" ind1=" " ind2=" ">
    <subfield code="d">18</subfield>
  </datafield>
  <datafield tag="300" ind1=" " ind2=" ">
    <subfield code="a">&#x417;&#x430;&#x433;&#x43B;. &#x438; &#x430;&#x432;&#x442;. &#x43E;&#x440;&#x438;&#x433;.: The greatness guide / Robin Sharma</subfield>
  </datafield>
  <datafield tag="454" ind1=" " ind2="0">
    <subfield code="1">2001#$aThe greatness guide</subfield>
    <subfield code="1">700#1$3RU\NLR\auth\7782527$7ba$aSharma$bR. S.$gRobin S.$4070</subfield>
    <subfield code="t">The greatness guide</subfield>
    <subfield code="a">Sharma, Robin S.</subfield>
  </datafield>
  <datafield tag="463" ind1=" " ind2="0">
    <subfield code="1">0011352592</subfield>
  </datafield>
  <datafield tag="606" ind1=" " ind2=" ">
    <subfield code="a">&#x414;&#x443;&#x445;&#x43E;&#x432;&#x43D;&#x44B;&#x435; &#x43F;&#x440;&#x430;&#x43A;&#x442;&#x438;&#x43A;&#x438;</subfield>
    <subfield code="9">2140377</subfield>
    <subfield code="3">RU\NLR\auth\661290122</subfield>
  </datafield>
  <datafield tag="686" ind1=" " ind2=" ">
    <subfield code="a">&#x42E;969</subfield>
  </datafield>
  <datafield tag="686" ind1=" " ind2=" ">
    <subfield code="a">&#x42E;937.231</subfield>
  </datafield>
  <datafield tag="700" ind1=" " ind2="1">
    <subfield code="4">070</subfield>
    <subfield code="8">rus</subfield>
    <subfield code="7">ca</subfield>
    <subfield code="a">&#x428;&#x430;&#x440;&#x43C;&#x430;</subfield>
    <subfield code="b">&#x420;. &#x421;.</subfield>
    <subfield code="f">1965-</subfield>
    <subfield code="g">&#x420;&#x43E;&#x431;&#x438;&#x43D; &#x421;.</subfield>
    <subfield code="3">RU\NLR\auth\7727943</subfield>
    <subfield code="9">10974</subfield>
  </datafield>
  <datafield tag="801" ind1=" " ind2="0">
    <subfield code="a">RU</subfield>
    <subfield code="b">NLR</subfield>
    <subfield code="c">20100208</subfield>
    <subfield code="g">RCR</subfield>
  </datafield>
  <datafield tag="801" ind1=" " ind2="1">
    <subfield code="a">RU</subfield>
    <subfield code="b">NLR</subfield>
    <subfield code="c">20100208</subfield>
  </datafield>
  <datafield tag="852" ind1=" " ind2=" ">
    <subfield code="a">NLR</subfield>
    <subfield code="j">2009-2/2085</subfield>
  </datafield>
  <datafield tag="942" ind1=" " ind2=" ">
    <subfield code="c">BOOK</subfield>
  </datafield>
</record>
